书目信息 |
| 题名: |
中国传统绘画赋彩学说概论
|
|
| 作者: | 杨凯园 著 | |
| 分册: | ||
| 出版信息: | 天津 百花文艺出版社 2011.01 |
|
| 页数: | 170页, [17] 页图版 | |
| 开本: | 24cm | |
| 丛书名: | ||
| 单 册: | ||
| 中图分类: | J212.1 | |
| 科图分类: | ||
| 主题词: | 中国画--zhong guo hua--色彩--基本知识 | |
| 电子资源: | ||
| ISBN: | 978-7-5306-5795-9 | |
| 000 | 00795nam0 2200229 450 | |
| 001 | 012011993062 | |
| 005 | 20111117162354.40 | |
| 010 | @a978-7-5306-5795-9@dCNY26.00 | |
| 100 | @a20111117d2011 em y0chiy0120 ea | |
| 101 | 0 | @achi |
| 102 | @aCN@b120000 | |
| 105 | @aacfhz 000yy | |
| 106 | @ar | |
| 200 | 1 | @a中国传统绘画赋彩学说概论@Azhong guo chuan tong hui hua fu cai xue shuo gai lun@f杨凯园著@Fyang kai yuan zhu |
| 210 | @a天津@c百花文艺出版社@d2011.01 | |
| 215 | @a170页, [17] 页图版@c图, 肖像, 摹真@d24cm | |
| 330 | @a本书主要分为五章, 内容包括: 色彩原理、色彩应用、名家赋彩、颜料知识、附录三篇。 | |
| 606 | 0 | @a中国画@Azhong guo hua@x色彩@x基本知识 |
| 690 | @aJ212.1@v4 | |
| 701 | 0 | @a杨凯园@Ayang kai yuan@4著 |
| 801 | 0 | @aCN@bQSSK@c20111117 |
| 905 | @b795279-81@dJ212.1@eY218@f3 | |
| 中国传统绘画赋彩学说概论/杨凯园著.-天津:百花文艺出版社,2011.01 |
| 170页, [17] 页图版:图, 肖像, 摹真;24cm |
| ISBN 978-7-5306-5795-9:CNY26.00 |
| 本书主要分为五章, 内容包括: 色彩原理、色彩应用、名家赋彩、颜料知识、附录三篇。 |
| ● |
| 相关链接 |
|
|
|
正题名:中国传统绘画赋彩学说概论
索取号:J212.1/Y218
 
预约/预借
| 序号 | 登录号 | 条形码 | 馆藏地/架位号 | 状态 | 备注 |
| 1 | 795279 | 207952795 | 社科库309/309社科库 69排1列5层/ [索取号:J212.1/Y218] | 在馆 | |
| 2 | 795280 | 207952802 | 自科二线404/309社科库 69排1列5层/ [索取号:J212.1/Y218] | 在馆 | |
| 3 | 795281 | 207952811 | 社科库309/309社科库 69排1列5层/ [索取号:J212.1/Y218] | 在馆 |